Visualizzazione normale
Vista MARC
- Allen Woody
di Personal Name
Records bibliografici associati: 1
001 - CONTROL NUMBER
- control field: 42472
003 - CONTROL NUMBER IDENTIFIER
- control field: IT-RoPau
005 - DATE AND TIME OF LATEST TRANSACTION
- control field: 20151126222333.0
008 - FIXED-LENGTH DATA ELEMENTS
- fixed length control field: 151126|| aca||aabn | a|a d
040 ## - CATALOGING SOURCE
- Original cataloging agency: IT-RoPau
- Transcribing agency: IT-RoPau
100 ## - HEADING--PERSONAL NAME
- Personal name: Allen Woody
- Relator term: (soggetto)
- Miscellaneous information: Codice Soggetto SPICS: 9980
670 ## - SOURCE DATA FOUND
- Source citation: Work cat.: (IT-RoPau)105628: Allen Woody Codice regista SPICS: 9980 42468, RADIO DAYS RADIO DAYS (Rif. Codice opera principale : 83074)